header

DUCK AND A BOOK (Record no. 264308)

MARC details
000 -LEADER
fixed length control field 00206nam a22000977a 4500
020 ## - INTERNATIONAL STANDARD BOOK NUMBER
ISBN 0439802881
100 ## - MAIN ENTRY--AUTHOR NAME
Personal name David Shannon
245 ## - TITLE STATEMENT
Title DUCK AND A BOOK
260 ## - PUBLICATION, DISTRIBUTION, ETC. (IMPRINT)
Place of publication USA
Name of publisher Sholastic Inc
Year of publication 2005
942 ## - ADDED ENTRY ELEMENTS (KOHA)
Koha item type Long Loan Books
Holdings
Withdrawn status Lost status Collection code Home library Current library Shelving location Date acquired Accession Number Koha item type
    Fiction Rongo University Library Rongo University Library Children's Area 14/08/2024 CL2021178 Long Loan Books

© 2026 Rongo University
Contact us: librarian | system librarian | Rongo university